Hum Bharat se kya sikhen (Record no. 394343)

MARC details
000 -LEADER
fixed length control field 00536 a2200217 4500
005 - DATE & TIME
control field 20260505104829.0
008 - FIXED-LENGTH DATA ELEMENTS--GENERAL INFORMATION
fixed length control field 260504b |||||||| |||| 00| 0 eng d
020 ## - ISBN
International Standard Book Number 9789380405810
Price Rs. 500.00
040 ## - CATALOGING SOURCE
Original cataloging agency VIVEKANANDA LIBRARY
082 ## - DDC NUMBER
Classification number 294.5
Book Number M45H
100 ## - MAIN ENTRY--PERSONAL NAME
Personal name Maxmuller
245 ## - TITLE STATEMENT
Title Hum Bharat se kya sikhen
260 ## - PUBLICATION, DISTRIBUTION, ETC. (IMPRINT)
Name of publisher, distributor, etc Granth Vikas
Date of publication, distribution, etc 2023
Place of publication, distribution, etc Jaipur
300 ## - PHYSICAL DESCRIPTION
Pages 243
650 ## - Subject
Subject Religion
650 ## - Subject
Subject Indian Culture
650 ## - Subject
Subject Hinduism
700 ## - Added Entry Personal Name
Added Entry Personal Name Tiwari, Kamlakar, tr.
700 ## - Added Entry Personal Name
Added Entry Personal Name Tater, Sohan Raj, ed.
942 ## - ADDED ENTRY ELEMENTS (KOHA)
Koha item type Books
Holdings
Withdrawn status Lost status Source of classification or shelving scheme Damaged status Not for loan Location (home branch) Sublocation or collection (holding branch) Shelving location Date acquired Koha issues (times borrowed) Koha full call number Accession No. Koha date last seen Koha item type
    Dewey Decimal Classification     VIVEKANANDA LIBRARY VIVEKANANDA LIBRARY Vivekananda Library 16/12/2025   294.5 M45H 443681 16/12/2025 Books
© Designed and Maintained by Vivekananda Library, MDU Rohtak